La concepción de la filosofía en Averroes: análisis crítico del Tahafud al-tahafut

Salvato in:
Dettagli Bibliografici
Autore principale: Maiza Ozcoidi, Idoia (autora)
Natura: Libro
Lingua:spagnolo
Pubblicazione: Madrid Trotta 2001
Serie:Al Andalus. Textos y Estudios
Soggetti:
Tags: Aggiungi Tag
Nessun Tag, puoi essere il primo ad aggiungerne!!

MARC

LEADER 00000cam a2200000 a 4500
001 UCL2526
003 CL-VaPUC
008 031024e20010000SP |||||||||||||||||spa|d
020 |a 8481644269 
082 0 4 |a 181.9  |b MAI  |2 21 
100 |a Maiza Ozcoidi, Idoia  |e autora  |9 479639 
245 1 3 |a La concepción de la filosofía en Averroes: análisis crítico del Tahafud al-tahafut 
300 |a 446 p 
942 |c BK 
945 |d 20031024 00:00:00  |a cmena 
260 |a Madrid  |b Trotta  |c 2001 
600 0 |a Averröes  |d 1126-1198  |9 347735 
650 7 |a FILOSOFIA ARABE  |2 CL-VaPUC  |9 307956 
650 0 |a Escuelas filosóficas   |9 266232 
650 0 |a Averroismo  |9 347572 
650 0 |a Filosofía de la religión   |9 256017 
650 0 |a Teología   |9 258766 
650 7 |a FILOSOFIA POLITICA  |2 CL-VaPUC  |9 479640 
583 |a last modification  |c 20150903 02:40:54  |k Rodrigo Vera 
490 0 |a Al Andalus. Textos y Estudios 
999 |c 305826  |d 305824 
952 |0 0  |1 0  |4 0  |6 181_900000000000000_MAI_2001  |7 0  |8 A  |9 370291  |a BIBEDU  |b BIBEDU  |d 2019-11-21  |i 3954625  |l 1  |o 181.9 MAI 2001  |p 3954625  |r 2024-01-02  |s 2023-11-24  |w 2019-11-21  |y BK  |k FIL 
952 |0 0  |1 0  |3 erb  |4 0  |6 181_900000000000000_MAI_2001  |7 0  |8 A  |9 370292  |a BIBEDU  |b BIBEDU  |i 5197163  |l 1  |o 181.9 MAI 2001  |p 5197163  |r 2024-09-03  |s 2024-08-26  |w 2019-11-21  |y BK  |z Catalogado en:20150904  |k FIL